|
|
|
|
| LEADER |
00953nam a22002297a 4500 |
| 001 |
AAL8769 |
| 003 |
BD-DhAAL |
| 005 |
20171021111251.0 |
| 008 |
171021m19982003b ||||| |||| 00| 0 b d |
| 999 |
|
|
|c 38445
|d 38445
|
| 020 |
|
|
|a 9843114949
|
| 040 |
|
|
|a BD-DhAAL
|c BD-DhAAL
|
| 082 |
|
|
|a 920.05492
|
| 100 |
|
|
|a ইলিয়াছ, এসএম
|9 22541
|
| 245 |
|
|
|a সিপাহসালার সৈয়দ নাসির উদ্দিন
|c এসএম ইলিয়াছ
|
| 260 |
|
|
|a ঢাকা :
|b মধুকুঞ্জ প্রকাশনী,
|c 2003
|
| 300 |
|
|
|a ৭১৩ পৃ. :
|b চিত্র ;
|c ২৪ সেমি.
|
| 541 |
|
|
|e 8769
|
| 650 |
|
|
|a Celebrities
|v Biography
|z Bangladesh
|9 22542
|
| 852 |
|
|
|a Savar Campus Library
|c General Shelf
|
| 942 |
|
|
|2 ddc
|c BK
|
| 952 |
|
|
|0 0
|1 0
|2 ddc
|4 0
|6 920_054920000000000_ELI
|7 0
|9 61612
|a SCL
|b SCL
|c GEN
|d 2017-10-21
|e Gift :
|g 550.00
|l 0
|o 920.05492 ELI
|p 3020008769
|r 2017-10-21
|t 1
|w 2017-10-21
|y BK
|